<?xml version="1.0" encoding="UTF-8"?><record xmlns="http://www.loc.gov/MARC21/slim" xmlns:zs="http://docs.oasis-open.org/ns/search-ws/sruResponse">
  <leader>02165cas a2200469 a 4500</leader>
  <controlfield tag="001">12448587</controlfield>
  <controlfield tag="005">20250930135527.9</controlfield>
  <controlfield tag="008">010621d18uu18uuaf uu p       0    0pero </controlfield>
  <datafield ind1=" " ind2=" " tag="035">
    <subfield code="a">12448587</subfield>
  </datafield>
  <datafield ind1=" " ind2=" " tag="906">
    <subfield code="a">7</subfield>
    <subfield code="b">cbc</subfield>
    <subfield code="c">serials</subfield>
    <subfield code="d">3</subfield>
    <subfield code="e">ncip</subfield>
    <subfield code="f">20</subfield>
    <subfield code="g">n-oclcserc</subfield>
  </datafield>
  <datafield ind1="0" ind2=" " tag="925">
    <subfield code="a">Acquire</subfield>
    <subfield code="b">1 shelf copy</subfield>
    <subfield code="x">Policy default 2001-06-22</subfield>
  </datafield>
  <datafield ind1=" " ind2=" " tag="955">
    <subfield code="a">db01 2001-06-22; db64 2001-06-22 to db01</subfield>
    <subfield code="e">yh31 2001-11-21 to AMED</subfield>
  </datafield>
  <datafield ind1=" " ind2=" " tag="955">
    <subfield code="a">LCAP batch update 2025-06-01-04:00: LCAPM-644</subfield>
  </datafield>
  <datafield ind1=" " ind2=" " tag="010">
    <subfield code="a">  2001289179</subfield>
  </datafield>
  <datafield ind1=" " ind2=" " tag="035">
    <subfield code="a">(OCoLC)47170442</subfield>
  </datafield>
  <datafield ind1=" " ind2=" " tag="040">
    <subfield code="a">DLC</subfield>
    <subfield code="b">eng</subfield>
    <subfield code="c">DLC</subfield>
    <subfield code="d">OCLCQ</subfield>
    <subfield code="d">OCLCF</subfield>
    <subfield code="d">OCLCO</subfield>
    <subfield code="d">OCL</subfield>
    <subfield code="d">OCLCO</subfield>
    <subfield code="d">OCL</subfield>
    <subfield code="d">DLC</subfield>
    <subfield code="d">OCLCL</subfield>
  </datafield>
  <datafield ind1=" " ind2=" " tag="042">
    <subfield code="a">pcc</subfield>
  </datafield>
  <datafield ind1=" " ind2=" " tag="043">
    <subfield code="a">a-af---</subfield>
  </datafield>
  <datafield ind1="0" ind2="0" tag="050">
    <subfield code="a">DS361</subfield>
    <subfield code="b">.S54</subfield>
  </datafield>
  <datafield ind1="0" ind2="0" tag="245">
    <subfield code="a">Shams al-nahār.</subfield>
  </datafield>
  <datafield ind1=" " ind2=" " tag="260">
    <subfield code="a">Kābul :</subfield>
    <subfield code="b">Mīrzā ʻAbd al-ʻAlī</subfield>
  </datafield>
  <datafield ind1=" " ind2=" " tag="300">
    <subfield code="a">v. ;</subfield>
    <subfield code="c">32 cm.</subfield>
  </datafield>
  <datafield ind1=" " ind2=" " tag="336">
    <subfield code="a">text</subfield>
    <subfield code="b">txt</subfield>
    <subfield code="2">rdacontent</subfield>
  </datafield>
  <datafield ind1=" " ind2=" " tag="337">
    <subfield code="a">unmediated</subfield>
    <subfield code="b">n</subfield>
    <subfield code="2">rdamedia</subfield>
  </datafield>
  <datafield ind1=" " ind2=" " tag="338">
    <subfield code="a">volume</subfield>
    <subfield code="b">nc</subfield>
    <subfield code="2">rdacarrier</subfield>
  </datafield>
  <datafield ind1=" " ind2=" " tag="500">
    <subfield code="a">First ever printed periodical from Afghanistan, published during the reign of Amir Shīr ʻAlī Khān in 1873.</subfield>
  </datafield>
  <datafield ind1=" " ind2=" " tag="500">
    <subfield code="a">LC copy has embossed leather binding.</subfield>
    <subfield code="5">DLC</subfield>
  </datafield>
  <datafield ind1=" " ind2=" " tag="546">
    <subfield code="a">In Persian.</subfield>
  </datafield>
  <datafield ind1=" " ind2=" " tag="588">
    <subfield code="a">Description based on: Jild-i 1, nambar 7 (15. shahr Shawwāl al-mukarram sanah-i 1290 [5 Dec. 1873]); title from caption.</subfield>
  </datafield>
  <datafield ind1=" " ind2=" " tag="588">
    <subfield code="a">Latest issue consulted: Jild-i 1, nambar 9 (7. shahr Z̲īḥijjah al-ḥarām sanah-ʼi 1290 [26 Jan. 1874]).</subfield>
  </datafield>
  <datafield ind1=" " ind2="7" tag="648">
    <subfield code="a">1800-1899</subfield>
    <subfield code="2">fast</subfield>
  </datafield>
  <datafield ind1=" " ind2="7" tag="650">
    <subfield code="a">Politics and government</subfield>
    <subfield code="2">fast</subfield>
    <subfield code="0">(OCoLC)fst01919741</subfield>
  </datafield>
  <datafield ind1=" " ind2="0" tag="651">
    <subfield code="a">Afghanistan</subfield>
    <subfield code="x">Politics and government</subfield>
    <subfield code="y">19th century</subfield>
    <subfield code="v">Periodicals.</subfield>
  </datafield>
  <datafield ind1=" " ind2="7" tag="651">
    <subfield code="a">Afghanistan.</subfield>
    <subfield code="2">fast</subfield>
    <subfield code="0">(OCoLC)fst01205406</subfield>
    <subfield code="1">https://id.oclc.org/worldcat/entity/E39PBJjXpC7xxDYf4fj9jQq4v3</subfield>
  </datafield>
  <datafield ind1=" " ind2="7" tag="655">
    <subfield code="a">Periodicals.</subfield>
    <subfield code="2">fast</subfield>
    <subfield code="0">(OCoLC)fst01411641</subfield>
  </datafield>
  <datafield ind1=" " ind2=" " tag="850">
    <subfield code="a">DLC</subfield>
  </datafield>
  <datafield ind1="4" ind2="1" tag="856">
    <subfield code="3">Dec. 1873</subfield>
    <subfield code="d">amedpllc</subfield>
    <subfield code="f">00385808203</subfield>
    <subfield code="u">https://hdl.loc.gov/loc.amed/amedpllc.00385808203</subfield>
  </datafield>
  <datafield ind1="4" ind2="1" tag="856">
    <subfield code="3">Jan. 1874</subfield>
    <subfield code="d">amedpllc</subfield>
    <subfield code="f">00385808215</subfield>
    <subfield code="u">https://hdl.loc.gov/loc.amed/amedpllc.00385808215</subfield>
  </datafield>
  <datafield ind1="4" ind2="1" tag="856">
    <subfield code="3">Feb.1874</subfield>
    <subfield code="d">amedpllc</subfield>
    <subfield code="f">00528417310</subfield>
    <subfield code="u">https://hdl.loc.gov/loc.amed/amedpllc.00528417310</subfield>
  </datafield>
  <datafield ind1="4" ind2="1" tag="859">
    <subfield code="3">World Digital Library</subfield>
    <subfield code="u">http://hdl.loc.gov/loc.wdl/wdl.2001289179</subfield>
  </datafield>
  <datafield ind1=" " ind2=" " tag="985">
    <subfield code="a">amed/amedpllc</subfield>
    <subfield code="e">amedpllc</subfield>
  </datafield>
  <datafield ind1=" " ind2=" " tag="985">
    <subfield code="a">wdl</subfield>
  </datafield>
</record>
